| 000 | 006610000a22001930004500 | ||
|---|---|---|---|
| 090 |
_aAR _b03808 |
||
| 245 | 1 | 0 | _aUnique secondary "accessory glands" in the female genitalia of Dalceridae (Lepidoptera) |
| 440 | 0 |
_aInternational Perspectives on Sustainability _992740 |
|
| 650 | 1 | 4 |
_aEntomología _94483 |
| 650 | 1 | 4 |
_aMorfología animal _99953 |
| 650 | 1 | 4 |
_aAnatomía _995070 |
| 650 | 1 | 4 |
_aMariposas _993025 |
| 653 | _fDalceridae | ||
| 041 | 0 | _aInglés | |
| 100 | 1 |
_aMiller, Scott E. _954484 |
|
| 260 |
_aWashington _bWorld Resources Institute _c1996 |
||
| 942 | _cARTICULO | ||
| 773 | 1 |
_tAnnals of the Entomological Society of America _mMar _h2 _q179-181 _d1993 _g86 |
|
| 999 |
_c13121 _d13121 |
||